What time is it? : (Record no. 111929)
[ view plain ]
| 000 -LEADER | |
|---|---|
| fixed length control field | 00626nam a2200217 a 4500 |
| 001 - CONTROL NUMBER | |
| control field | 2965 |
| 005 - DATE AND TIME OF LATEST TRANSACTION | |
| control field | 20140414131924.0 |
| 008 - FIXED-LENGTH DATA ELEMENTS--GENERAL INFORMATION | |
| fixed length control field | 051130s19uu xx 00 eng d |
| 020 ## - INTERNATIONAL STANDARD BOOK NUMBER | |
| International Standard Book Number | 0-590-12008-5 |
| 050 ## - LIBRARY OF CONGRESS CALL NUMBER | |
| Classification number | ER |
| Item number | W55 1999 |
| 100 ## - MAIN ENTRY--PERSONAL NAME | |
| Personal name | Keenan, Shiela |
| 245 ## - TITLE STATEMENT | |
| Title | What time is it? : |
| Statement of responsibility, etc | by Shiela Keenan ; illustrated by K. A. Jacobs. |
| Remainder of title | a book of math riddles / |
| 260 ## - PUBLICATION, DISTRIBUTION, ETC. (IMPRINT) | |
| Place of publication, distribution, etc | New York : |
| Name of publisher, distributor, etc | Scholastic, |
| Date of publication, distribution, etc | 1999. |
| 300 ## - PHYSICAL DESCRIPTION | |
| Extent | 1 v. p. : ill. ; cm. |
| 440 ## - SERIES STATEMENT/ADDED ENTRY--TITLE | |
| Title | Scholastic reader, level 2 |
| 500 ## - GENERAL NOTE | |
| General note | "Cartwheel Books" |
| 650 ## - SUBJECT ADDED ENTRY--TOPICAL TERM | |
| Topical term or geographic name as entry element | Time |
| General subdivision | Fiction. |
| 650 ## - SUBJECT ADDED ENTRY--TOPICAL TERM | |
| Topical term or geographic name as entry element | Children stories. |
| Withdrawn status | Lost status | Damaged status | Use restrictions | Home library | Current library | Shelving location | Date acquired | Source of acquisition | Cost, normal purchase price | Total Checkouts | Full call number | Barcode | Date last seen | Price effective from | Koha item type |
|---|---|---|---|---|---|---|---|---|---|---|---|---|---|---|---|
| Munich Library | Munich Library | Easy Reading Section | 11/30/2005 | 125.00 | ER W55 1999 | M2869 | 04/14/2014 | 04/14/2014 | Books | ||||||
| Munich Library | Munich Library | Easy Reading Section | 02/01/2006 | 125.00 | ER W55 1999 | M2868 | 04/14/2014 | 04/14/2014 | Books |